| 000 | 00839nam a22002537a 4500 | ||
|---|---|---|---|
| 003 | OSt | ||
| 005 | 20200104041616.0 | ||
| 008 | 130618b2005 xxu||||| |||| 00| 0 eng d | ||
| 020 | _a1-5596-3362-X | ||
| 040 |
_aIAVH _bspa _cIAVH |
||
| 082 | 0 | 0 |
_a578.6 _222 _bM818i |
| 245 |
_aInvasive Alien Species : _bA New Synthesis _cEditado por Harold A. Mooney et al |
||
| 260 |
_aWashington, DC : _bIsland Press, _cc2005 |
||
| 300 |
_axvii, 368 p. : _bil., mapas ; _c23 cm. |
||
| 440 | 1 |
_aSCOPE _v63 _984 |
|
| 504 | _aIncluye referencias bibliográficas e índice | ||
| 650 | 0 |
_aEspecies invasoras _9308 |
|
| 650 | 0 |
_aIntroducción a los organismos _986 |
|
| 700 | 1 |
_aMack, Richard N. _eEditor _988 |
|
| 700 | 1 |
_989 _aMcNeely, Jeffrey A. _eEditor |
|
| 700 | 1 |
_987 _aMooney, Harold A _eeditor |
|
| 830 | 0 |
_aSCOPE Series _leng _990 |
|
| 942 |
_2ddc _cIMPRESO _01 |
||
| 999 |
_c7311 _d7311 |
||